Statistics for Top 50 Serie A goalscorers of all time

Click here to take the quiz!

General Stats

  • This quiz has been taken 80 times
  • The average score is 22 of 50

Answer Stats

PositionPlayerCountryGoalsYearsMain Club% Correct
2Francesco TottiItaly2501992-2017Roma
100%
10Alessandro Del PieroItaly1881993-2012Juventus
94%
26Zlatan IbrahimovicSweden1552004-todayAC Milan
94%
6Antonio Di NataleItaly2092002-2016Udinese
84%
13Ciro ImmobileItaly1822008-todayLazio
84%
46Andriy ShevchenkoUkraine1271999-2009AC Milan
81%
22Filippo InzaghiItaly1561995-2012AC Milan
81%
12Gabriel BatistutaArgentina1841991-2003Fiorentina
81%
7Roberto BaggioItaly2051985-2004Juventus
81%
48David TrezeguetFrance1232000-2010Juventus
78%
28Hernan CrespoArgentina1531996-2012Parma
78%
4Giuseppe MeazzaItaly2161929-1947Internazionale
76%
47Gonzalo HiguainArgentina1252013-2020Napoli
76%
14Fabio QuagliarellaItaly1811999-todaySampdoria
65%
31Christian VieriItaly1421991-2009Internazionale
63%
3Gunnar NordahlSweden2251949-1958AC Milan
63%
20Luca ToniItaly1572000-2016Fiorentina
63%
49Gianluca VialliItaly1231984-1996Sampdoria
56%
21Gigi RivaItaly1561964-1976Cagliari
52%
1Silvio PiolaItaly2741929-1954Lazio
52%
45Gianni RiveraItaly1281958-1979AC Milan
51%
11Alberto GilardinoItaly1881999-2017Fiorentina
49%
23Roberto ManciniItaly1561981-2000Sampdoria
46%
5Jose AltafiniBrazil/Italy2161958-1976AC Milan
40%
33Marco Di VaioItaly1421994-2012Bologna
40%
9Giuseppe SignoriItaly1881991-2004Lazio
38%
30Omar SivoriArgentina/Italy1471957-1969Juventus
38%
35Vicenzo MontellaItaly1411996-2009Roma
37%
41Alessandro AltobelliItaly1321977-1989Internazionale
32%
15Giampiero BonipertiItaly1781946-1961Juventus
32%
37Enrico ChiesaItaly1381988-2008Fiorentina
30%
43Francesco GrazianiItaly1301973-1987Torino
29%
44Roberto BettegaItaly1291970-1983Juventus
27%
19Roberto BoninsegnaItaly1631965-1979Internazionale
25%
39Roberto PruzzoItaly1331973-1989Roma
25%
8Kurt HamrinSweden1901956-1971Fiorentina
24%
34Paolo PuliciItaly1421967-1985Torino
24%
16Amedeo AmadeiItaly1741936-1956Roma
14%
17Giuseppe SavoldiItaly1681965-1980Bologna
14%
27Istvan NyersHungary1531948-1956Internazionale
14%
24Luis VinicioBrazil1551955-1968Napoli
13%
32Benito LorenziItaly1421947-1959Internazionale
11%
40Felice BorelItaly1321932-1947Juventus
11%
36John HansenDenmark1391948-1955Juventus
11%
18Guglielmo GabettoItaly1661934-1949Juventus
8%
38Sergio BrighentiItaly1361952-1965Padova
8%
42Ezio PascuttiItaly1301955-1969Bologna
6%
29Adriano BassettoItaly1491946-1958Sampdoria
3%
25Carlo ReguzzoniItaly1551929-1948Bologna
3%
50Renzo BuriniItaly1231947-1959AC Milan
2%

Score Distribution

Percentile by Number Answered

Percent of People with Each Score

Your Score History

You have not taken this quiz